[Event "COL-ch U1700"]
[Site "Pereira"]
[Date "2022.02.16"]
[Round "1"]
[White "Montoya, Ricardo"]
[Black "Chavarro Corredor, Cesar Camilo"]
[Result "1-0"]
[WhiteElo "1604"]
[BlackElo "1080"]
[PlyCount "31"]
[EventDate "2022.02.16"]
[EventType "swiss"]
[EventRounds "9"]
[EventCountry "COL"]
[SourceTitle "CBM 207 Extra"]
[Source "ChessBase"]
[SourceDate "2022.05.31"]
[SourceVersion "1"]
[SourceVersionDate "2022.05.31"]
[SourceQuality "1"]

1. e4 e6 2. d4 d5 3. exd5 exd5 4. Nf3 Bg4 5. h3 Bh5 6. Bd3 Nf6 7. 0-0 Be7 8. Re1 0-0 9. Bf4 Bxf3 10. Qxf3 Re8 11. Nd2 h6 12. Qg3 Nh5 13. Bxc7 Nxg3 14. Bxd8 Rxd8 15. Rxe7 Nh5 16. Rxb7 1-0